| 000 | 00949nam a22002057a 4500 | ||
|---|---|---|---|
| 003 | OSt | ||
| 005 | 20170407090100.0 | ||
| 008 | 150407b xxu||||| |||| 00| 0 eng d | ||
| 040 | _cCRI | ||
| 082 | _a659.111 | ||
| 100 |
_941061 _aArtiga Ávalos, Glenda Rachell |
||
| 245 | 1 | 0 |
_aPlan estratégico para mejorar el posicionamiento de INTEGRAL en el municipio de San Vicente _b: Proyecto _cGlenda Rachell Artiga Avalos, Carolina Elizabeth Beltrán Iraheta |
| 260 |
_aIlobasco (Cabañas) _bUniversidad Católica de El Salvador _c2015 |
||
| 300 |
_a67 p. _c27.5 cm _e+ 1 disco compacto |
||
| 502 | _aTrabajo de graduación para optar al grado académico de Licenciado/(a) en Mercadeo y Negocios Internacionales | ||
| 650 | 0 |
_927571 _aPlanificación de medios publicitarios |
|
| 700 |
_941062 _aBeltrán Iraheta, Carolina Elizabeth |
||
| 710 |
_940915 _aUniversidad Católica de El Salvador _bCentro Regional de Ilobasco |
||
| 942 |
_2ddc _cTG _hprozim |
||
| 999 |
_c27537 _d27537 |
||